00485nam a2200181 a 4500001001300000003000900013005001700022008004100039020002300080082001300103100001600116245004700132260005200179300001000231500003500241650001100276700001600287nice12345678IN_TiNIC20260116014716.0130107s2011 noia grp 000 0 eng  a9789350292051c39900a170bDAL aDalai, Lama aBeyond Religionb Ethics for a Whole World aNoida, U.P., India bHarpercollins Pubs. c2011 a188p  aincludes index and biblioraphy aEthics1 aDalai, Lama